000 00486 a2200157 4500
020 _a9780195671728
040 _aDLC
_bDLC
082 _a907
100 _aCollingwood, R.G.
245 _aThe Idea of History: With Lectures 1926-1928
_cWith Lectures 1926-1928
_hR.G, Collingwood.
260 _aNew York :
_bOxford University Press,
_c 2000.
300 _aliii, 5010 p.
_c 20 cm.
500 _aIncludes Index
650 _a 1.Historiography.2.History--Philosophy.
942 _cBK
_k907 COL
_2ddc
999 _c5083
_d5083